Venezuela y sus patrones de comercio: la importancia de la comunidad andina y el Mercosur /
Sparad:
| Huvudupphovsman: | |
|---|---|
| Materialtyp: | Text |
| Ämnen: | |
| Taggar: |
Lägg till en tagg
Inga taggar, Lägg till första taggen!
|
MARC
| LEADER | 00000 a a2200000 04500 | ||
|---|---|---|---|
| 001 | 44877 | ||
| 003 | |||
| 040 | |||
| 100 | |a Gutiérrez, Alejandro | ||
| 245 | |a Venezuela y sus patrones de comercio: |b la importancia de la comunidad andina y el Mercosur / |c Alejandro Gutiérrez | ||
| 650 | |a ASPECTOS ECONOMICOS | ||
| 650 | |a ASPECTOS POLITICOS | ||
| 650 | |a POLITICA COMERICAL | ||
| 650 | |a RELACIONES COMERCIALES | ||
| 650 | |a MERCOSUR | ||
| 650 | |a AMERICA DEL SUR | ||
| 773 | |g páginas243-281 | ||
| 999 | |c 23051 |d 23051 | ||
